| 000 | 00400pab a2200157 454500 | ||
|---|---|---|---|
| 008 | 180718b2001 xxu||||| |||| 00| 0 eng d | ||
| 100 | _aIversen, Torben | ||
| 245 | _aAn asset theory of social policy preferences. | ||
| 260 | _c2001 | ||
| 300 | _ap.875-93 | ||
| 362 | _aDec | ||
| 650 | _aSocial policy | ||
| 700 | _aSoskice, David | ||
| 773 | _aAmerican Political Science Review | ||
| 909 | _a51136 | ||
| 999 |
_c51136 _d51136 |
||